000 00989cam a2200301 a 4500
999 _c26684
_d26684
001 2334189
005 20170206094040.0
008 830418s1983 nyua b 001 0 eng
010 _a 82050971
020 _a0442219601 :
_c$15.95
020 _a0442219598 (pbk.)
040 _aDLC
_cDLC
_dDLC
050 0 0 _aNC735
_b.D82 1983
100 1 _aDubery, Fred.
245 1 0 _aPerspective and other drawing systems /
_cFred Dubery and John Willats.
260 _aNew York :
_bVan Nostrand Reinhold Co.,
_cc1983.
300 _a128 p. :
_bill. ;
_c24 cm.
500 _aRev. ed. of: Drawing systems. 1972.
500 _aIncludes index.
504 _aBibliography: p. [124]-125.
650 0 _aDrawing
_xTechnique.
650 0 _aPerspective
_xTechnique.
700 1 _aWillats, John.
942 _2lcc
_cBOOKS
_hNC735 .D82 1983